Datum a čas kvízu
24.5
Celkem bodů
Celkový počet nahraných bodů na tomto kvízu bez doplňovacích otázek.
4.
Pořadí na kvízu
Konečné umístění týmu na tomto kvízu.
Zaznamenané odpovědi
| # | Otázka | Odpověď | Body | Výsledky |
|---|---|---|---|---|
| 1. | Kandidátka SPOLU do červnových... | Hayato Okamura | 1 | |
| 2. | Hudba z kterého amerického fil... | Terminátor | 1 | |
| 3. | Česká národní banka vydala stř... | Bedřich Smetana | 1 | |
| 4. | Úřad pro ochranu hospodářské s... | Pernod Ricard | 0 | |
| 5. | LeBron James pokořil ve své 21... | 40 000 bodů | 0 | |
| 6. | Napište, kterým slovem se ozna... | okostice (periost) | 1 | |
| 7. | Ve kterém kraji České republik... | v Královéhradeckém | 0 | |
| 8. | Antropoložce Brennanové, hlavn... | Temperance | 0 | |
| 9. | Která párová kost u psů a koní... | klíční kost (clavicula) | 1 | |
| 10. | V září roku 2012 byla pod park... | Richard III. | 1 |